Sports Quiz

Random Sports or NHL Quiz

AHL Affiliates for NHL teams Quiz Stats

 Plays Quiz not verified by Sporcle

Challenge
Share
Tweet
Embed
Score 0/30 Timer 05:00
0 Plays Today
NHL Team AHL Team % Correct
Boston BruinsProvidence Bruins
76.5%
Pittsburgh PenguinsWilkes-Barre Scranton Penguins
74.5%
Dallas StarsTexas Stars
72.5%
Ottawa SenatorsBinghamton Senators
72.5%
New Jersey DevilsAlbany Devils
64.7%
Toronto Maple LeafsToronto Marlies
64.7%
Washington CapitalsHershey Bears
64.7%
Los Angeles KingsManchester Monarchs
62.7%
Montreal CanadiensHamilton Bulldogs
62.7%
San Jose SharksWorcester Sharks
62.7%
Philadelphia FlyersAdirondack Phantoms
60.8%
Detroit Red WingsGrand Rapids Griffins
58.8%
Winnipeg JetsSt. Johns Ice Caps
56.9%
St. Louis BluesPeoria Rivermen
54.9%
Chicago BlackhawksRockford Ice Hogs
51%
NHL Team AHL Team % Correct
New York RangersConnecticut Whale
49%
Vancouver CanucksChicago Wolves
49%
Nashville PredatorsMilwaukee Admirals
47.1%
New York IslandersBridgeport Sound Tigers
47.1%
Tampa Bay LightningNorfolk Admirals
45.1%
Florida PanthersSan Antonio Rampage
43.1%
Minnesota WildHouston Aeros
43.1%
Calgary FlamesAbbotsford Heat
41.2%
Colorado AvalancheLake Erie Monsters
39.2%
Edmonton OilersOklahoma City Barons
39.2%
Carolina HurricanesCharlotte Checkers
37.3%
Phoenix CoyotesPortland Pirates
37.3%
Buffalo SabresRochester Americans
35.3%
Anaheim DucksNorfolk Admirals
27.5%
Columbus Blue JacketsSpringfield Falcons
23.5%

You're not logged in!

Compare scores with friends on all Sporcle quizzes.
OR
Log In

You Might Also Like...

Show Comments

Extras

Top Quizzes Today


Score Distribution

Your Account Isn't Verified!

In order to create a playlist on Sporcle, you need to verify the email address you used during registration. Go to your Sporcle Settings to finish the process.

Report this User

Report this user for behavior that violates our Community Guidelines.

Details: